Normal view MARC view

Entry Topical Term

Number of records used in: 1

001 - CONTROL NUMBER

  • control field: 38068

003 - CONTROL NUMBER IDENTIFIER

  • control field: OSt

005 - DATE AND TIME OF LATEST TRANSACTION

  • control field: 20230501114035.0

008 - FIXED-LENGTH DATA ELEMENTS

  • fixed length control field: 230501|| aca||aabn | a|a d

040 ## - CATALOGING SOURCE

  • Original cataloging agency: OSt
  • Transcribing agency: OSt

150 ## - HEADING--TOPICAL TERM

  • Topical term or geographic name entry element: Alternative organization, Business school, Critical management studies, history, Manifesto.

670 ## - SOURCE DATA FOUND

  • Source citation: Work cat.: (OSt): Parker, Martin 38067, Against management: Auto-critique

Powered by Koha